Understanding laws : (Record no. 88707)

MARC details
000 -LEADER
fixed length control field 00564nam a22001817a 4500
005 - DATE AND TIME OF LATEST TRANSACTION
control field 20140917112849.0
010 ## - LCCN (DPL NO)
LC control number ENG-110875
020 ## - INTERNATIONAL STANDARD BOOK NUMBER
International Standard Book Number 9789351431847
Terms of availability 295.00
035 ## - SYSTEM CONTROL NUMBER
System control number EN-94407
037 ## - SOURCE OF ACQUISITION
Source of stock number/acquisition DBAD/PUB
082 ## - DEWEY DECIMAL CLASSIFICATION NUMBER
Classification number 343.54071
100 ## - MAIN ENTRY--PERSONAL NAME
Personal name Tiwari, Garima
245 ## - TITLE STATEMENT
Title Understanding laws :
Statement of responsibility, etc by Garima Tiwari
Remainder of title consumer rights /
260 ## - PUBLICATION, DISTRIBUTION, ETC. (IMPRINT)
Place of publication, distribution, etc Gurgaon
Name of publisher, distributor, etc Lexis Nexis
Date of publication, distribution, etc 2014
270 ## - ADDRESS
Address 14th Floor, Building No.10, Tower-B, DLF Cyber City, Phase-II
City Gurgaon
Postal code 122002
300 ## - PHYSICAL DESCRIPTION
Extent x,113p.
Dimensions 22cm(pbk)
942 ## - ADDED ENTRY ELEMENTS (KOHA)
Source of classification or shelving scheme Dewey Decimal Classification
Item type English Books
Call number suffix TIW
Classification part 343.54071
Holdings
Withdrawn status Lost status Not for loan Collection code Home library Current library Date acquired Source of acquisition Cost, normal purchase price Full call number Barcode Copy number Cost, replacement price Koha item type
    Not For Loan Non-fiction D.B.Act.Division D.B.Act.Division 16/09/2014 DBAD/PUB 295.00 343.54071 TIW EN-94407 1 295.00 English Books

© Delhi Public Library
Hit Counter
free hit counter